000 01283nam0a22003491 4500
001 rc\2280122
005 20110829191531.2
035 _a(NLR Aleph) 006559530
090 _a6828371
_c6828371
100 _a20110829d1977 |||y0rusy50 ca
101 1 _arus
_cukr
102 _aRU
105 _aa z |||aa
200 1 _aРассвет
_e[Автобиогр. повесть
_eДля сред. школьного возраста]
_fВалентин Бычко
_g[Пер. с укр. В. Компанийца
_gХудож. И. Ушаков]
205 _a2-е изд.
210 _aМосква
_cМол. гвардия
_d1977
215 _a272 с.
_cил.
_d17
606 _aПионеры (д. л.)
_2psbo
606 _aКлассовая борьба в деревне (д. л.)
_2psbo
606 _aДети в деревне (д. л.)
_2psbo
686 _aШ9(2)6=Ук72-471
_2rubbk
686 _aЩ897.58(2)Ушаков, И
_2rubbk
700 1 _aБычко
_bВ. В.
_f1912-
_gВалентин Васильевич
702 1 _aУшаков
_bИ.
_4440
702 1 _aКомпаниец
_bВ.
_4730
801 0 _aRU
_bNLR
_gpsbo
801 1 _aRU
_bELAR
_2rusmarc
852 _aNLR
_j77-2/2202
899 _aRuMoRGB
_jM 77-8/66
899 _aRuMoRGB
_jM 77-8/67
942 _cBOOK
980 _aNB